[Event "SR 2. liga A 2016/2017"]
[Site "?"]
[Date "2017.01.21"]
[Round "7.1"]
[White "Gasa, Patrik"]
[Black "Koutny, Petr"]
[Result "1/2-1/2"]
[WhiteElo "2137"]
[BlackElo "2152"]
[PlyCount "129"]
[EventDate "2016.??.??"]

1. d4 Nf6 2. c4 g6 3. Nc3 d5 4. cxd5 Nxd5 5. g3 Bg7 6. Bg2 Nb6 7. Nf3 O-O 8.
O-O Nc6 9. d5 Na5 10. e4 c6 11. Nd4 cxd5 12. exd5 Nac4 13. b3 Nd6 14. Be3 Bd7
15. Rc1 a5 16. a4 Nf5 17. Nxf5 Bxf5 18. d6 exd6 19. Nb5 Rc8 20. Qxd6 Nd7 21.
Bxb7 Rb8 22. Bc6 Ne5 23. Bc5 Nd3 24. Rcd1 Nxc5 25. Qxc5 Qb6 26. Qxb6 Rxb6 27.
Bd5 Bd7 28. Bc4 Bxb5 29. axb5 Bc3 30. Rd7 Rf6 31. Rfd1 Bb4 32. Kg2 Kg7 33. Rd8
Bc5 34. f4 Rxd8 35. Rxd8 h6 36. Rd7 g5 37. Rd5 Be3 38. f5 g4 39. h3 gxh3+ 40.
Kxh3 h5 41. g4 Kh6 42. Kh4 Bf2+ 43. Kh3 Kg5 44. gxh5 Kxh5 45. Kg2 Bb6 46. Kf3
Kg5 47. Ke4 Bf2 48. Bd3 Bb6 49. Bc4 Bf2 50. Be2 Bb6 51. Bd3 Kg4 52. Ke5 Kg5 53.
Rd7 Bg1 54. Kd5 Bh2 55. Ra7 Rd6+ 56. Kc4 Be5 57. Bc2 Rd4+ 58. Kc5 Rd2 59. Rxf7
Rxc2+ 60. Kb6 Ra2 61. Ka6 Ra3 62. b6 Rxb3 63. Kxa5 Bc3+ 64. Ka6 Ra3+ 65. Kb5
1/2-1/2

[Event "SR 2. liga A 2016/2017"]
[Site "?"]
[Date "2017.01.21"]
[Round "7.1"]
[White "Hudacek, Josef"]
[Black "Hecko, Dusan"]
[Result "0-1"]
[WhiteElo "2063"]
[BlackElo "2059"]
[PlyCount "102"]
[EventDate "2016.??.??"]

1. e4 c6 2. d4 d5 3. f3 Nf6 4. Nc3 g6 5. Nge2 Bg7 6. g3 e6 7. Bg2 b6 8. O-O Ba6
9. Re1 Nbd7 10. Bg5 h6 11. Be3 Rc8 12. Qd2 Bxe2 13. Rxe2 dxe4 14. Nxe4 Qe7 15.
c4 Kf8 16. Rae1 Kg8 17. Bh3 Kh7 18. Bf4 Nxe4 19. fxe4 Rhd8 20. b3 e5 21. Be3
exd4 22. Bxd4 Ne5 23. Qe3 Ng4 24. Bxg4 Bxd4 25. Qxd4 Rxd4 26. Bxc8 Qd8 27. Bg4
h5 28. Bf3 Rd1 29. Rxd1 Qxd1+ 30. Kg2 Kg7 31. e5 Qd7 32. h3 Qe6 33. Re4 Kh6 34.
h4 a5 35. Rf4 Kg7 36. Re4 Qe7 37. Re2 Qd7 38. Kf2 a4 39. bxa4 Qd4+ 40. Kg2 Qxc4
41. Rb2 Qxa4 42. Rxb6 Qxa2+ 43. Kh3 Qf2 44. Rb3 c5 45. g4 hxg4+ 46. Bxg4 Qf1+
47. Kh2 Qf4+ 48. Kh3 Qxe5 49. Rg3 c4 50. Bd1 Qe1 51. Bc2 f5 0-1

[Event "SR 2. liga A 2016/2017"]
[Site "?"]
[Date "2017.01.21"]
[Round "7.1"]
[White "Nemeckay, Rastislav"]
[Black "Berger, Patrik"]
[Result "1/2-1/2"]
[WhiteElo "1985"]
[BlackElo "1986"]
[PlyCount "46"]
[EventDate "2016.??.??"]

1. e4 c5 2. Nf3 d6 3. Bb5+ Bd7 4. Bxd7+ Qxd7 5. O-O Nc6 6. c3 g6 7. d4 cxd4 8.
Nxd4 Bg7 9. Be3 Nf6 10. f3 O-O 11. Qe2 a6 12. Rd1 b5 13. Nd2 Rfc8 14. Rac1 Ne5
15. c4 bxc4 16. Nxc4 Nxc4 17. Rxc4 Rxc4 18. Qxc4 d5 19. exd5 Qxd5 20. Qxd5 Nxd5
21. Kf2 Nxe3 22. Kxe3 Rd8 23. Rd3 f5 1/2-1/2

[Event "SR 2. liga A 2016/2017"]
[Site "?"]
[Date "2017.01.21"]
[Round "7.1"]
[White "Harastova, Viera"]
[Black "Pericka, Tomas"]
[Result "0-1"]
[WhiteElo "1878"]
[BlackElo "2017"]
[PlyCount "42"]
[EventDate "2016.??.??"]

1. d4 g6 2. c4 c5 3. Nc3 Bg7 4. Nf3 cxd4 5. Nxd4 Nc6 6. e3 Nf6 7. Nxc6 bxc6 8.
Bd3 O-O 9. O-O d5 10. Qc2 e5 11. cxd5 cxd5 12. Rd1 Be6 13. Qe2 Qc7 14. Bd2 e4
15. Bb5 Ng4 16. g3 Ne5 17. Rdc1 Nf3+ 18. Kh1 Qe5 19. Rg1 Bg4 20. Rg2 Nxh2 21.
Qe1 Nf3 0-1

[Event "SR 2. liga A 2016/2017"]
[Site "?"]
[Date "2017.01.21"]
[Round "7.1"]
[White "Pericka, Pavol"]
[Black "Hrubsa, Marian"]
[Result "0-1"]
[WhiteElo "1815"]
[BlackElo "1883"]
[PlyCount "60"]
[EventDate "2016.??.??"]

1. e4 e6 2. d4 d5 3. exd5 exd5 4. Nf3 Bd6 5. Bg5 Ne7 6. Bd3 O-O 7. O-O f6 8.
Be3 c6 9. Nh4 Qe8 10. Re1 g5 11. Nf3 Qh5 12. h3 Kh8 13. Nh2 Qf7 14. Nd2 Rg8 15.
Ng4 Qg7 16. Qf3 f5 17. Ne5 f4 18. c3 Bxe5 19. dxe5 fxe3 20. Rxe3 Nd7 21. Rae1
Nc5 22. Bc2 Rf8 23. Qh5 Nf5 24. Rf3 Be6 25. b4 Nd7 26. h4 Nxh4 27. Rg3 h6 28.
Nf1 Rf4 29. Ne3 Raf8 30. f3 Bf7 0-1

[Event "SR 2. liga A 2016/2017"]
[Site "?"]
[Date "2017.01.21"]
[Round "7.1"]
[White "Jarabek, Milan"]
[Black "Trojkova, Michaela"]
[Result "1-0"]
[WhiteElo "1734"]
[BlackElo "1710"]
[PlyCount "109"]
[EventDate "2016.??.??"]

1. d4 f5 2. c4 Nf6 3. g3 e6 4. Bg2 Be7 5. Nf3 O-O 6. O-O d5 7. cxd5 exd5 8. Bf4
Ne4 9. Nbd2 Nd7 10. Qc2 c6 11. Rab1 Ndf6 12. b4 Nxd2 13. Nxd2 Bd6 14. Bxd6 Qxd6
15. b5 Ne4 16. Nxe4 dxe4 17. bxc6 bxc6 18. e3 Ba6 19. Rfc1 Bd3 20. Qb3+ Kh8 21.
Rb2 Rab8 22. Qc3 Rxb2 23. Qxb2 Rb8 24. Rxc6 h6 25. Rxd6 Rxb2 26. h4 Rxa2 27.
Bh3 Ra1+ 28. Kh2 Kg8 29. Bxf5 a5 30. Be6+ Kf8 31. Rd7 Be2 32. g4 Bf3 33. Rf7+
Ke8 34. Rxg7 a4 35. Kg3 Rg1+ 36. Kf4 a3 37. Ra7 Rg2 38. Rxa3 Rxf2 39. Ke5 Rg2
40. d5 Bxg4 41. Bxg4 Rxg4 42. d6 Rg6 43. Ra7 h5 44. Rb7 Kd8 45. Rb8+ Kd7 46.
Rb7+ Kd8 47. Rh7 Kc8 48. Rxh5 Kd7 49. Rh7+ Kc6 50. Rc7+ Kb6 51. Rc8 Rg7 52. h5
Kb7 53. Rc7+ Rxc7 54. dxc7 Kxc7 55. h6 1-0

[Event "SR 2. liga A 2016/2017"]
[Site "?"]
[Date "2017.01.21"]
[Round "7.2"]
[White "Jablonicky, Martin"]
[Black "Puskar, Peter"]
[Result "1-0"]
[WhiteElo "2261"]
[BlackElo "2224"]
[PlyCount "49"]
[EventDate "2016.??.??"]

1. d4 d5 2. Nf3 e6 3. Bf4 Bd6 4. Bg3 Nf6 5. e3 O-O 6. Nbd2 c5 7. c3 Nc6 8. Bb5
a6 9. Bxc6 bxc6 10. Qa4 Bb7 11. Qa3 Bxg3 12. hxg3 c4 13. O-O Qc7 14. b3 cxb3
15. Nxb3 a5 16. Rfb1 Rfb8 17. Nc5 Ne8 18. Ne5 Nd6 19. Qa4 Nb5 20. Rb3 Bc8 21.
Rab1 f6 22. Nxc6 Nxc3 23. Rxb8 Rxb8 24. Rxb8 Nxa4 25. Rxc8+ 1-0

[Event "SR 2. liga A 2016/2017"]
[Site "?"]
[Date "2017.01.21"]
[Round "7.2"]
[White "Bango, Lukas"]
[Black "Chovan, Milan"]
[Result "0-1"]
[WhiteElo "2093"]
[BlackElo "2283"]
[PlyCount "92"]
[EventDate "2016.??.??"]

1. c4 c5 2. Nc3 Nf6 3. e4 Nc6 4. g3 e6 5. Bg2 d5 6. cxd5 exd5 7. Nge2 dxe4 8.
Nxe4 Bf5 9. Qa4 Nxe4 10. Bxe4 Bxe4 11. Qxe4+ Be7 12. O-O O-O 13. Nf4 Re8 14. d3
Bf6 15. Qd5 Bd4 16. Be3 Qxd5 17. Nxd5 Rad8 18. Bxd4 Nxd4 19. Ne3 Nf3+ 20. Kg2
Ne5 21. Rac1 Nxd3 22. Rc2 b6 23. a3 g6 24. Rb1 Rd4 25. Kf1 h5 26. b3 Re6 27.
Re2 Ne5 28. Rbb2 Nc6 29. Red2 Red6 30. Rxd4 Rxd4 31. Ke2 Kg7 32. Rc2 Ne5 33. f4
Ng4 34. Nxg4 hxg4 35. Rd2 Rxd2+ 36. Kxd2 b5 37. a4 a6 38. axb5 axb5 39. Ke3 f5
40. Kd3 Kf6 41. Ke2 Ke6 42. Ke3 Kd5 43. Kd3 b4 44. Ke3 c4 45. bxc4+ Kxc4 46.
Kd2 Kd4 0-1

[Event "SR 2. liga A 2016/2017"]
[Site "?"]
[Date "2017.01.21"]
[Round "7.2"]
[White "Danada, Tomas"]
[Black "Kovacocy, Pavel"]
[Result "0-1"]
[WhiteElo "2231"]
[BlackElo "2218"]
[PlyCount "124"]
[EventDate "2016.??.??"]

1. d4 g6 2. c4 Bg7 3. Nc3 d6 4. e4 e5 5. dxe5 dxe5 6. Qxd8+ Kxd8 7. f4 Nc6 8.
Nf3 Be6 9. fxe5 h6 10. Bf4 g5 11. Bg3 Nge7 12. O-O-O+ Kc8 13. Nd5 Ng6 14. Be2
Ncxe5 15. Ne7+ Nxe7 16. Nxe5 h5 17. Rhf1 f6 18. Nf3 Ng6 19. Nd4 Bd7 20. Nb5 h4
21. Bxc7 Bxb5 22. Ba5 Bd7 23. Rd5 b6 24. Bc3 Nf4 25. Rd2 Re8 26. Bd1 Bc6 27. g3
hxg3 28. hxg3 Ne6 29. Bg4 f5 30. Rxf5 Bxc3 31. bxc3 Kb7 32. Rf7+ Nc7 33. Rd6
Rf8 34. Rg7 Rad8 35. c5 Bxe4 36. Re6 Rfe8 37. Rxe4 Rxe4 38. Bf3 Rde8 39. Rxg5
Kb8 40. Bxe4 Rxe4 41. cxb6 axb6 42. Kc2 Ne6 43. Rh5 Nc5 44. Rh2 Re3 45. g4 Ne4
46. Kb3 Rxc3+ 47. Kb4 Rc5 48. Rh7 Rg5 49. a4 Nd6 50. Rh4 Kb7 51. Kb3 Ka6 52.
Ka3 Nc4+ 53. Kb3 Nd2+ 54. Ka3 Ne4 55. Kb3 Ka5 56. Rh5 Nc5+ 57. Kb2 Rxg4 58. Rh8
Kxa4 59. Rb8 b5 60. Ka1 Ka3 61. Rxb5 Rg1+ 62. Rb1 Nb3# 0-1

[Event "SR 2. liga A 2016/2017"]
[Site "?"]
[Date "2017.01.21"]
[Round "7.2"]
[White "Drtina, Milan"]
[Black "Slobodnik, Michal"]
[Result "1/2-1/2"]
[WhiteElo "2169"]
[BlackElo "2097"]
[PlyCount "113"]
[EventDate "2016.??.??"]

1. e4 Nf6 2. e5 Nd5 3. Nf3 d6 4. d4 dxe5 5. Nxe5 c6 6. Bd3 Nd7 7. Nf3 N7f6 8.
O-O Bg4 9. a3 e6 10. c4 Ne7 11. Be3 Nf5 12. Bxf5 Bxf5 13. Nc3 Bd6 14. Re1 O-O
15. Bg5 h6 16. Bh4 a5 17. Ne5 Qc7 18. Bxf6 gxf6 19. Ng4 Kg7 20. Qf3 h5 21. Ne3
Bg6 22. g3 f5 23. Ng2 Rae8 24. Rad1 Qb8 25. c5 Be7 26. h4 Bf6 27. Nf4 Rg8 28.
b4 axb4 29. axb4 Bxd4 30. Rxd4 e5 31. Rdd1 exf4 32. Qxf4 Qxf4 33. gxf4 Rxe1+
34. Rxe1 Kf8 35. Ra1 f6 36. f3 Rg7 37. Kf2 Rd7 38. Rd1 Be8 39. Rxd7 Bxd7 40.
Ne2 Kf7 41. Nd4 Ke7 42. Ke3 Kd8 43. Kd3 Kc7 44. Ne2 Be8 45. Kd4 Bf7 46. Nc3 Bb3
47. b5 Kc8 48. bxc6 bxc6 49. Ne2 Bf7 50. Kc3 Be8 51. Kb4 Kb7 52. Ka5 Ka7 53.
Ng3 Bg6 54. Nf1 Bf7 55. Ne3 Be6 56. Nc2 Kb7 57. Nd4 1/2-1/2

[Event "SR 2. liga A 2016/2017"]
[Site "?"]
[Date "2017.01.21"]
[Round "7.2"]
[White "Packa, Ladislav"]
[Black "Szitkey, Milan"]
[Result "1-0"]
[WhiteElo "2132"]
[BlackElo "2090"]
[PlyCount "81"]
[EventDate "2016.??.??"]

1. d4 d5 2. c4 c6 3. Nf3 Nf6 4. Nc3 Bf5 5. e3 e6 6. Qb3 Qb6 7. c5 Qxb3 8. axb3
Nbd7 9. b4 Be7 10. Be2 O-O 11. O-O b6 12. b5 bxc5 13. bxc6 cxd4 14. exd4 Nb6
15. Ba6 Rad8 16. Bb7 Nc8 17. Bf4 Nh5 18. Bc7 Rde8 19. Rfc1 Bb4 20. h3 Be4 21.
Nb5 Re7 22. Ra4 Bd3 23. Rxb4 Bxb5 24. Rxb5 Rxc7 25. g3 Nf6 26. Ra5 Ne4 27. b4
Ned6 28. Bxc8 Rfxc8 29. b5 Rb8 30. Rc5 f6 31. Ne1 Kf7 32. Nc2 Ne4 33. Nb4 Nxc5
34. dxc5 Rd8 35. b6 axb6 36. cxb6 Re7 37. c7 Rc8 38. Na6 Ra8 39. b7 Ree8 40.
bxa8=Q Rxa8 41. Rb5 1-0

[Event "SR 2. liga A 2016/2017"]
[Site "?"]
[Date "2017.01.21"]
[Round "7.2"]
[White "Stetina, Erik"]
[Black "Jablonicky, Frantisek"]
[Result "1/2-1/2"]
[WhiteElo "2008"]
[BlackElo "2096"]
[PlyCount "120"]
[EventDate "2016.??.??"]

1. e4 c6 2. Nc3 d5 3. Nf3 dxe4 4. Nxe4 Nf6 5. Nxf6+ gxf6 6. d4 Bg4 7. Be2 e6 8.
Be3 Nd7 9. Nh4 Bxe2 10. Qxe2 Qa5+ 11. c3 Bd6 12. O-O Qc7 13. g3 O-O-O 14. c4 c5
15. b4 cxd4 16. Bxd4 Be5 17. Nf3 Bxd4 18. Nxd4 Qe5 19. Qxe5 Nxe5 20. Nb3 Rd3
21. Rfd1 Rhd8 22. Rxd3 Rxd3 23. Rc1 Nc6 24. b5 Nb4 25. Nc5 Rd2 26. Ne4 Nxa2 27.
Ra1 Rc2 28. Kg2 f5 29. Nf6 Nc3 30. Rxa7 Ne4 31. Nxh7 Nxf2 32. h4 Ng4+ 33. Kg1
e5 34. b6 Rc1+ 35. Kg2 Ne3+ 36. Kf3 Nxc4 37. Ng5 e4+ 38. Kf2 Rc2+ 39. Ke1 Ne5
40. Ra5 f6 41. Ne6 e3 42. Rc5+ Rxc5 43. Nxc5 f4 44. gxf4 Ng6 45. h5 Nxf4 46. h6
f5 47. h7 Ng6 48. Ke2 f4 49. Ne6 Nh8 50. Nxf4 Kd7 51. Kxe3 Nf7 52. Ng6 Ke6 53.
Kd4 Kd6 54. Ne5 Nh8 55. Ke4 Ke6 56. Kf4 Kf6 57. Nd7+ Kg7 58. Nc5 Ng6+ 59. Ke4
Ne7 60. Nxb7 Nc8 1/2-1/2

[Event "SR 2. liga A 2016/2017"]
[Site "?"]
[Date "2017.01.21"]
[Round "7.2"]
[White "Horecky, Peter"]
[Black "Puchart, Vladimir"]
[Result "0-1"]
[WhiteElo "2021"]
[BlackElo "2056"]
[PlyCount "86"]
[EventDate "2016.??.??"]

1. d4 d5 2. c4 e5 3. dxe5 d4 4. Nf3 Nc6 5. a3 a5 6. g3 Be6 7. Nbd2 Nge7 8. Bg2
Nf5 9. O-O Be7 10. b3 h6 11. Bb2 g5 12. g4 Ng7 13. Ne4 Bxg4 14. Nxd4 Nxd4 15.
Qxd4 Qxd4 16. Bxd4 Ne6 17. e3 O-O-O 18. Bc3 Rd3 19. Rfc1 Rhd8 20. f3 Bf5 21.
Ng3 Bg6 22. Kf2 Nc5 23. Rab1 Rxc3 24. Rxc3 Bxb1 25. Bh3+ Kb8 26. Nf5 Bxf5 27.
Bxf5 Rd2+ 28. Kg3 Rb2 29. Bc2 Ne6 30. Bh7 Nc5 31. Bc2 f6 32. b4 axb4 33. axb4
Rxb4 34. f4 fxe5 35. fxe5 Nd7 36. e6 Ne5 37. Bd3 c6 38. Be2 Bd6 39. c5 Be7 40.
h3 Kc7 41. Rc2 Rb3 42. Kf2 Nd3+ 43. Kf3 Ne1+ 0-1

[Event "SR 2. liga A 2016/2017"]
[Site "?"]
[Date "2017.01.21"]
[Round "7.2"]
[White "Doucha, Ludvig"]
[Black "Lukacovic, Miroslav"]
[Result "1/2-1/2"]
[WhiteElo "1919"]
[BlackElo "1978"]
[PlyCount "122"]
[EventDate "2016.??.??"]

1. e4 b6 2. d4 Bb7 3. Bd3 e6 4. Nf3 d5 5. e5 c5 6. c3 Nc6 7. a3 Qc7 8. O-O Nge7
9. b4 Ng6 10. Qe2 Be7 11. Nbd2 Nf4 12. Qe3 Nxd3 13. Qxd3 Rc8 14. Bb2 O-O 15.
Rae1 Nb8 16. b5 Qd7 17. a4 a6 18. Rb1 f5 19. Bc1 Qc7 20. Re1 Kh8 21. Nf1 a5 22.
Bd2 h6 23. h4 Qd8 24. g3 g5 25. hxg5 hxg5 26. g4 c4 27. Qe2 f4 28. Kg2 Kg7 29.
N1h2 Qe8 30. Rh1 Qg6 31. Ra1 Rh8 32. Nf1 Rxh1 33. Kxh1 Rh8+ 34. N1h2 Qe4 35.
Qd1 Nd7 36. Kg1 Nf8 37. Be1 Ng6 38. Qd2 Nh4 39. Nxh4 Rxh4 40. f3 Rxh2 41. Kxh2
Qxf3 42. Qg2 Qxg2+ 43. Kxg2 Bc8 44. Ra2 Bd7 45. Rb2 Ba3 46. Rb1 Be8 47. Ra1 Be7
48. Kf3 Bg6 49. Ke2 Bd3+ 50. Kf2 Bc2 51. Bd2 Bb3 52. Ke1 Bc2 53. Bc1 Be4 54.
Kf2 Bc2 55. Bb2 Bf8 56. Ke1 Be4 57. Ke2 Bc2 58. Ba3 Bxa3 59. Rxa3 Bd3+ 60. Kf2
Be4 61. Ra2 Bg6 1/2-1/2

[Event "SR 2. liga A 2016/2017"]
[Site "?"]
[Date "2017.01.21"]
[Round "7.3"]
[White "Dolnak, Michal"]
[Black "Ruckschloss, Karol"]
[Result "1-0"]
[WhiteElo "2242"]
[BlackElo "2255"]
[PlyCount "59"]
[EventDate "2016.??.??"]

1. d4 f5 2. c4 Nf6 3. g3 g6 4. Bg2 Bg7 5. Nf3 O-O 6. O-O c6 7. Bf4 d6 8. Qc1
Re8 9. Nc3 Qa5 10. Rd1 Nbd7 11. d5 c5 12. Re1 Ng4 13. Bd2 Nde5 14. Nxe5 Nxe5
15. Nb5 Qb6 16. f4 Ng4 17. Bc3 Nf6 18. b3 a6 19. Na3 e5 {=} 20. dxe6 Bxe6 21.
Qb2 Kf7 22. h3 Rad8 23. Rad1 Rd7 24. Kh2 Qd8 25. Rd2 d5 26. cxd5 Bxd5 27. Red1
Ne4 28. Bxe4 Bxc3 29. Bxd5+ Rxd5 30. Qxc3 1-0

[Event "SR 2. liga A 2016/2017"]
[Site "?"]
[Date "2017.01.21"]
[Round "7.3"]
[White "Janos, Martin"]
[Black "Macko, Miroslav"]
[Result "0-1"]
[WhiteElo "2217"]
[BlackElo "2151"]
[PlyCount "70"]
[EventDate "2016.??.??"]

1. e4 c5 2. d4 cxd4 3. Nf3 Nc6 4. c3 d3 5. c4 g6 6. Bxd3 Bg7 7. Nc3 Nf6 8. O-O
O-O 9. Re1 d6 10. h3 Nd7 11. Bf1 b6 12. Bg5 Bxc3 13. bxc3 Ba6 14. Qa4 Bb7 15.
Rad1 Qc7 16. Nd4 Rac8 17. Qa3 Rfe8 18. Nb5 Qb8 19. f4 Na5 20. Qb4 Nc5 21. e5
dxe5 22. fxe5 Nc6 23. Qa3 Nxe5 24. Bh4 Ne4 25. Qc1 Nxc4 26. Rd4 Ncd6 27. Nxd6
Nxd6 28. Bg3 Qc7 29. Bd3 Qc5 30. Qh6 e5 31. Bxe5 Rxe5 32. Rxe5 Qxe5 33. Rh4 Qg7
34. Qe3 Qxc3 35. Kf2 Re8 0-1

[Event "SR 2. liga A 2016/2017"]
[Site "?"]
[Date "2017.01.21"]
[Round "7.3"]
[White "Janos, Jozef"]
[Black "Sukuba, Zdeno"]
[Result "1/2-1/2"]
[WhiteElo "2140"]
[BlackElo "2151"]
[PlyCount "22"]
[EventDate "2016.??.??"]

1. d4 Nf6 2. Nf3 e6 3. c4 b6 4. e3 Bb7 5. a3 c5 6. Nc3 Ne4 7. Bd3 Nxc3 8. bxc3
d6 9. e4 Nd7 10. O-O Be7 11. Ne1 Bf6 1/2-1/2

[Event "SR 2. liga A 2016/2017"]
[Site "?"]
[Date "2017.01.21"]
[Round "7.3"]
[White "Biro, Karol"]
[Black "Kolcak, Marek"]
[Result "0-1"]
[WhiteElo "2089"]
[BlackElo "2135"]
[PlyCount "66"]
[EventDate "2016.??.??"]

1. c4 f5 2. Nc3 Nf6 3. Nf3 c6 4. d3 d5 5. cxd5 cxd5 6. Bg5 Nc6 7. Bxf6 exf6 8.
d4 Be6 9. e3 Qb6 10. Rb1 Bd6 11. Bd3 O-O 12. O-O Kh8 13. b4 Rac8 14. Na4 Qd8
15. Nc5 Qe7 16. a3 f4 17. exf4 Bg4 18. h3 Bxf3 19. Qxf3 Qf7 20. Nb3 f5 21. Rbc1
a6 22. Rfd1 g6 23. g3 Rfd8 24. Bf1 Bf8 25. Bg2 Ne7 26. Nc5 Ng8 27. Nd3 Nf6 28.
Ne5 Qg7 29. Qb3 Rxc1 30. Rxc1 Bd6 31. Qc2 Ne4 32. Qc8 Rxc8 33. Rxc8+ Bf8 0-1

[Event "SR 2. liga A 2016/2017"]
[Site "?"]
[Date "2017.01.21"]
[Round "7.3"]
[White "Fabry, Robert"]
[Black "Janos, Ivan"]
[Result "1/2-1/2"]
[WhiteElo "2097"]
[BlackElo "2033"]
[PlyCount "28"]
[EventDate "2016.??.??"]

1. e4 c5 2. Nf3 Nc6 3. d4 cxd4 4. Nxd4 g6 5. Nc3 Bg7 6. Be3 Nf6 7. Be2 O-O 8.
O-O d5 9. exd5 Nxd5 10. Nxd5 Nxd4 11. Bxd4 Qxd5 12. Bxg7 Qxd1 13. Rfxd1 Kxg7
14. Bf3 Bf5 1/2-1/2

[Event "SR 2. liga A 2016/2017"]
[Site "?"]
[Date "2017.01.21"]
[Round "7.3"]
[White "Povysil, Peter"]
[Black "Hecht, Tomas"]
[Result "1/2-1/2"]
[WhiteElo "1969"]
[BlackElo "2024"]
[PlyCount "36"]
[EventDate "2016.??.??"]

1. d4 Nf6 2. c4 e6 3. Nc3 Bb4 4. Nf3 O-O 5. g3 d5 6. Bg2 dxc4 7. O-O c5 8. Bg5
cxd4 9. Nb5 Nc6 10. Nfxd4 Nxd4 11. Qxd4 Qxd4 12. Nxd4 Nd5 13. e4 Nb6 14. Be3 e5
15. Nb5 Bd7 16. Nxa7 Rxa7 17. Bxb6 Ra6 18. Be3 c3 1/2-1/2

[Event "SR 2. liga A 2016/2017"]
[Site "?"]
[Date "2017.01.21"]
[Round "7.3"]
[White "Kuna, Vladimir"]
[Black "Mandak, Miroslav"]
[Result "1/2-1/2"]
[WhiteElo "2012"]
[BlackElo "1988"]
[PlyCount "50"]
[EventDate "2016.??.??"]

1. d4 Nf6 2. Nf3 d5 3. c4 e6 4. Nc3 c6 5. Bg5 Be7 6. e3 Nbd7 7. Bd3 dxc4 8.
Bxc4 Nd5 9. Bxe7 Qxe7 10. O-O N5b6 11. Bb3 e5 12. Nxe5 Nxe5 13. dxe5 Qxe5 14.
Qd2 O-O 15. h3 Qe7 16. Rfd1 Be6 17. Qd6 Rfe8 18. Bxe6 Qxe6 19. Qxe6 Rxe6 20.
Rd3 Kf8 21. Rad1 Ree8 22. a4 a5 23. b3 Rac8 24. Kf1 Rc7 25. Ke2 Ke7 1/2-1/2

[Event "SR 2. liga A 2016/2017"]
[Site "?"]
[Date "2017.01.21"]
[Round "7.4"]
[White "Straka, Jozef"]
[Black "Jancovic, Peter"]
[Result "1/2-1/2"]
[WhiteElo "2273"]
[BlackElo "2245"]
[PlyCount "57"]
[EventDate "2016.??.??"]

1. Nf3 Nf6 2. g3 g6 3. Bg2 Bg7 4. O-O O-O 5. d4 d5 6. c4 c6 7. cxd5 cxd5 8. Nc3
Nc6 9. Ne5 Qb6 10. Na4 Qb5 11. Nxc6 Qxc6 12. Bf4 Bd7 13. Nc5 b6 14. Nxd7 Qxd7
15. Qd3 Rac8 16. Rac1 Qa4 17. a3 Ne4 18. Bxe4 dxe4 19. Qxe4 Qxd4 20. Qxe7 Rce8
21. Qxa7 Rxe2 22. b4 Qb2 23. Be3 b5 24. Qa6 Re8 25. Rc8 Qe5 26. Rxe8+ Qxe8 27.
Rc1 Bf8 28. Kf1 Ra2 29. Qc6 1/2-1/2

[Event "SR 2. liga A 2016/2017"]
[Site "?"]
[Date "2017.01.21"]
[Round "7.4"]
[White "Hacik, Radomir"]
[Black "Sosovicka, Juraj"]
[Result "1/2-1/2"]
[WhiteElo "2174"]
[BlackElo "2167"]
[PlyCount "55"]
[EventDate "2016.??.??"]

1. e4 b6 2. d4 Bb7 3. Nc3 e6 4. Nf3 Bb4 5. Bd3 Nf6 6. Qe2 d5 7. exd5 Qxd5 8.
O-O Bxc3 9. bxc3 Qh5 10. Ne5 Qxe2 11. Bxe2 Nbd7 12. Nxd7 Nxd7 13. Bf4 Rc8 14.
a4 c5 15. a5 O-O 16. axb6 axb6 17. Ra7 Bc6 18. Rfa1 Nf6 19. Bd6 Rfe8 20. Ba6
Ra8 21. Bd3 Ne4 22. Rxa8 Rxa8 23. Rxa8+ Bxa8 24. Bc7 Nxc3 25. Bxb6 cxd4 26.
Bxd4 Nd5 27. f3 Nb4 28. Kf2 1/2-1/2

[Event "SR 2. liga A 2016/2017"]
[Site "?"]
[Date "2017.01.21"]
[Round "7.4"]
[White "Duben, Igor"]
[Black "Sulek, Viliam"]
[Result "1-0"]
[WhiteElo "2228"]
[BlackElo "2050"]
[PlyCount "135"]
[EventDate "2016.??.??"]

1. d4 Nf6 2. Nf3 g6 3. g3 Bg7 4. c4 O-O 5. Bg2 d5 6. cxd5 Nxd5 7. O-O Nb6 8.
Nc3 Nc6 9. e3 Re8 10. b3 e5 11. dxe5 Nxe5 12. Nxe5 Bxe5 13. Bb2 c6 14. Qc2 Qe7
15. Rad1 Bg4 16. Ne2 Bxb2 17. Qxb2 Bxe2 18. Qxe2 Rad8 19. e4 Rxd1 20. Rxd1 Rd8
21. h3 Rxd1+ 22. Qxd1 Qd7 23. Qe2 Qe7 24. Qe3 Nc8 25. f4 b6 26. e5 c5 27. Qe4
Qe6 28. Qb7 Ne7 29. Qxa7 Nf5 30. Kh2 Ne3 31. Qa8+ Kg7 32. Qc6 Nf1+ 33. Kg1 Qxc6
34. Bxc6 Nxg3 35. Kf2 Nf5 36. Be4 Nd4 37. Ke3 Kf8 38. b4 Ne6 39. f5 gxf5 40.
Bxf5 cxb4 41. Bxh7 Nc5 42. Bc2 f6 43. exf6 Kf7 44. Kd4 Kxf6 45. Kc4 Ne6 46.
Kxb4 Nc7 47. h4 Kg7 48. Be4 Kh6 49. Bf3 Kg6 50. Kc4 Kf6 51. Be2 Ke5 52. h5 Kf5
53. Kd4 Kf6 54. Ke4 Ke6 55. Bf1 Kf6 56. Be2 Ke6 57. h6 Kf6 58. h7 Kg7 59. Ke5
Kxh7 60. Kd6 Ne8+ 61. Kc6 Kg7 62. Kxb6 Kf6 63. a4 Ke5 64. a5 Kd6 65. a6 Nc7 66.
a7 Na8+ 67. Kb7 Nc7 68. Bg4 1-0

[Event "SR 2. liga A 2016/2017"]
[Site "?"]
[Date "2017.01.21"]
[Round "7.4"]
[White "Nestorenko, Dmitry"]
[Black "Sosovicka, Matej"]
[Result "1/2-1/2"]
[WhiteElo "2113"]
[BlackElo "2221"]
[PlyCount "148"]
[EventDate "2016.??.??"]

1. e4 e5 2. Nf3 Nc6 3. c3 d5 4. Qa4 f6 5. d3 Be6 6. Be2 Bd6 7. exd5 Bxd5 8. Be3
Nge7 9. c4 Bb4+ 10. Nfd2 Be6 11. Nc3 Nf5 12. a3 Be7 13. Qb5 Qd7 14. Qxb7 Rb8
15. Qa6 Rxb2 16. Na4 Rb8 17. O-O Ncd4 18. Bd1 O-O 19. Ne4 Qc6 20. Qxc6 Nxc6 21.
Nac5 Bc8 22. Ba4 Nfd4 23. Bxc6 Nxc6 24. Nc3 Nd4 25. Bxd4 exd4 26. N3a4 Kf7 27.
Rfb1 Bf5 28. Rb4 a5 29. Rb5 Rxb5 30. cxb5 Rb8 31. Rb1 Bd6 32. h3 h5 33. Rb3 h4
34. Kf1 g5 35. Ne4 Be7 36. Nac5 Bc8 37. Na4 Be6 38. Rb2 Bxa3 39. Rc2 Rb7 40.
Rc6 Rxb5 41. Rxc7+ Kg6 42. Rc6 Re5 43. Nb6 Bb4 44. f4 gxf4 45. Kf2 Be7 46. Kf3
Kf5 47. Nc4 Bxc4 48. Rxc4 Rd5 49. Ke2 Ke5 50. Nd2 Bb4 51. Nf3+ Kd6 52. Nxd4
Re5+ 53. Kd1 Kd5 54. Nc2 Bd6 55. Rxf4 Re1+ 56. Nxe1 Bxf4 57. Nf3 Bg3 58. Kd2
Bf2 59. Kc3 Kc5 60. Kb3 Kb5 61. d4 a4+ 62. Kc3 a3 63. Kb3 a2 64. Kxa2 Kc4 65.
Kb1 Bxd4 66. Kc2 Bf2 67. Kd2 Kd5 68. Ke2 Bg3 69. Nd2 Ke5 70. Kf3 Kf5 71. Nf1
Bf4 72. Ne3+ Bxe3 73. Kxe3 Ke5 74. Kf3 Kf5 1/2-1/2

[Event "SR 2. liga A 2016/2017"]
[Site "?"]
[Date "2017.01.21"]
[Round "7.4"]
[White "Oprea, Erik"]
[Black "Kostolansky, Sebastian Lukas"]
[Result "1-0"]
[WhiteElo "2155"]
[BlackElo "2081"]
[PlyCount "65"]
[EventDate "2016.??.??"]

1. c4 e5 2. Nc3 Nf6 3. e3 Be7 4. d4 exd4 5. exd4 O-O 6. Bd3 Re8 7. Nge2 d6 8.
h3 c5 9. d5 Nbd7 10. f4 Bf8 11. Bd2 Nh5 12. O-O g6 13. g4 Ng7 14. Ng3 h5 15.
gxh5 gxh5 16. Qf3 Nf6 17. Kh2 Bd7 18. Rae1 Rxe1 19. Rxe1 Qb6 20. b3 Re8 21. Rg1
Kh8 22. Nce4 Nxe4 23. Nxe4 Rxe4 24. Bxe4 Qd8 25. Bc3 Qh4 26. Rg5 Bg4 27. Qg3
Qxg3+ 28. Kxg3 Bd7 29. Bf6 Kg8 30. f5 a6 31. Bxg7 Bxg7 32. f6 h4+ 33. Kf4 1-0

[Event "SR 2. liga A 2016/2017"]
[Site "?"]
[Date "2017.01.21"]
[Round "7.4"]
[White "Breja, Stanislav"]
[Black "Sosovicka, Jakub"]
[Result "0-1"]
[WhiteElo "1973"]
[BlackElo "1991"]
[PlyCount "36"]
[EventDate "2016.??.??"]

1. e4 c5 2. c3 d5 3. exd5 Qxd5 4. d4 g6 5. dxc5 Qxd1+ 6. Kxd1 Nf6 7. Bb5+ Bd7
8. Na3 Bg7 9. Ne2 a6 10. Bd3 Nc6 11. Nc4 Rd8 12. Kc2 O-O 13. Bf4 Nd5 14. Bg3
Ndb4+ 15. cxb4 Nxb4+ 16. Kb3 Nxd3 17. Rhd1 Be6 18. Nf4 Bxc4+ 0-1